| 000 | 00773cam a2200193 i 4500 | ||
|---|---|---|---|
| 005 | 20251110085912.0 | ||
| 008 | 250721s2008 jo gr 000 0 ara d | ||
| 082 | 1 | 4 |
_a155.423 _bع ط ي |
| 100 | 1 |
_aعطية، محسن علي _eمؤلف. |
|
| 245 | 1 | 2 |
_aالمشكلات السلوكية لأطفال الروضة / _cتأليف د. محسن علي عطية, ايناس خليفة خليفة. |
| 250 | _aالطبعة الأولى. | ||
| 264 | 3 | 1 |
_aعمان : _bدارالمناهج للنشر و التوزيع، _c2008. |
| 300 | _a174صفحة. | ||
| 650 | 1 | 7 | _aسيكولوجيه الاطفال. |
| 650 | 1 | 7 | _aالاطفال ما قبل المدرسه. |
| 700 | 1 |
_aخليفة، إيناس خليفة _eمؤلف. |
|
| 942 |
_2ddc _cBK |
||
| 999 |
_c111882 _d111882 |
||